<?xml version="1.0" encoding="UTF-8"?><?xml-stylesheet type="text/xsl" href="static/style.xsl"?><OAI-PMH xmlns="http://www.openarchives.org/OAI/2.0/" xmlns:xsi="http://www.w3.org/2001/XMLSchema-instance" xsi:schemaLocation="http://www.openarchives.org/OAI/2.0/ http://www.openarchives.org/OAI/2.0/OAI-PMH.xsd"><responseDate>2026-04-17T01:15:41Z</responseDate><request verb="GetRecord" identifier="oai:www.recercat.cat:2445/120040" metadataPrefix="marc">https://recercat.cat/oai/request</request><GetRecord><record><header><identifier>oai:recercat.cat:2445/120040</identifier><datestamp>2025-12-04T19:33:17Z</datestamp><setSpec>com_2072_1057</setSpec><setSpec>col_2072_478908</setSpec><setSpec>col_2072_478917</setSpec><setSpec>col_2072_478933</setSpec></header><metadata><record xmlns="http://www.loc.gov/MARC21/slim" xmlns:dcterms="http://purl.org/dc/terms/" xmlns:xsi="http://www.w3.org/2001/XMLSchema-instance" xmlns:doc="http://www.lyncode.com/xoai" xsi:schemaLocation="http://www.loc.gov/MARC21/slim http://www.loc.gov/standards/marcxml/schema/MARC21slim.xsd">
   <leader>00925njm 22002777a 4500</leader>
   <datafield ind2=" " ind1=" " tag="042">
      <subfield code="a">dc</subfield>
   </datafield>
   <datafield ind2=" " ind1=" " tag="720">
      <subfield code="a">Giralt Lledó, Ernest</subfield>
      <subfield code="e">author</subfield>
   </datafield>
   <datafield ind2=" " ind1=" " tag="720">
      <subfield code="a">Lo Re, Daniele</subfield>
      <subfield code="e">author</subfield>
   </datafield>
   <datafield ind2=" " ind1=" " tag="260">
      <subfield code="c">2018-02-20T14:36:13Z</subfield>
   </datafield>
   <datafield ind2=" " ind1=" " tag="260">
      <subfield code="c">2018-02-20T14:36:13Z</subfield>
   </datafield>
   <datafield ind2=" " ind1=" " tag="260">
      <subfield code="c">2017-02-09</subfield>
   </datafield>
   <datafield ind2=" " ind1=" " tag="260">
      <subfield code="c">2018-02-20T14:36:14Z</subfield>
   </datafield>
   <datafield ind2=" " ind1=" " tag="520">
      <subfield code="a">Tumor metastasis is a complex process in which cells detach from the primary tumor and colonize a distant organ. Metastasis is also the main process responsible for cancer-related death. Despite the enormous efforts made to unravel the metastatic process, there is no effective therapy, and patients with metastatic tumors have poor prognosis. In this regard, there is an urgent need for new therapeutic tools for the treatment of this disease. Small molecules with the capacity to reduce cell migration could be used to treat metastasis. Migrastatin-core analogs are naturally inspired macrocycles that inhibit pathological cell migration and are able to reduce metastasis in animal models. Migrastatin analogs can be synthesized from a common advanced intermediate. Herein we present a review of the synthetic approaches that can be used to prepare this key intermediate, together with a review of the biological activity of migrastatin-core analogs and current hypotheses concerning their mechanism of action.</subfield>
   </datafield>
   <datafield tag="653" ind2=" " ind1=" ">
      <subfield code="a">Metàstasi</subfield>
   </datafield>
   <datafield tag="653" ind2=" " ind1=" ">
      <subfield code="a">Càncer</subfield>
   </datafield>
   <datafield tag="653" ind2=" " ind1=" ">
      <subfield code="a">Productes naturals</subfield>
   </datafield>
   <datafield tag="653" ind2=" " ind1=" ">
      <subfield code="a">Metastasis</subfield>
   </datafield>
   <datafield tag="653" ind2=" " ind1=" ">
      <subfield code="a">Cancer</subfield>
   </datafield>
   <datafield tag="653" ind2=" " ind1=" ">
      <subfield code="a">Natural products</subfield>
   </datafield>
   <datafield ind2="0" ind1="0" tag="245">
      <subfield code="a">The therapeutic potential of migrastatin-core analogs for the treatment of metastatic cancer</subfield>
   </datafield>
</record></metadata></record></GetRecord></OAI-PMH>